Statystyki dla Z jakimi dodatkami można przyrządzić jajecznicę?

Kliknij tutaj aby rozwiązać quiz!

Ogólne statystyki

  • Ten quiz został rozwiązany 9 razy
  • Średni wynik to 2 z 5

Statystyki odpowiedzi

HintOdpowiedź% Poprawnych
5.Kiełbasą
63%
4.Szczypiorkiem
63%
1.Boczkiem
50%
3.Kurkami
25%
2.Pieczarki
25%

Rozkład punktacji

Percentyl według liczby udzielonych odpowiedzi

Procent ludzi z każdym wynikiem

Twoja historia wyników

Nie rozwiązałeś tego quizu